| 000 | 00928cam a2200277 4500 | ||
|---|---|---|---|
| 001 | 4521 | ||
| 003 | BD-RjUL | ||
| 005 | 20211208233915.0 | ||
| 008 | 131222s1970 ii b 100 0 eng | ||
| 020 | _a0814704816 | ||
| 035 | _a(BD-RjUL)4556 | ||
| 040 |
_aDLC _cDLC _dBD-RjUL _beng |
||
| 041 | _aeng | ||
| 082 | 0 | 0 |
_a342.7301 _220 _bFOU 1970 |
| 245 | 0 | 4 |
_aThe Fourteenth amendment : _bcentennial volume / _cedited by Bernard Schwartz. |
| 260 |
_aCalcutta : _bScientific Book _cc1970. |
||
| 300 |
_avi, 233 p. ; _c24 cm. |
||
| 350 | _a7.95 | ||
| 500 | _a"This volume ... contains the papers delivered at a centennial conference held at the New York University School of Law on October 1, 3, and 4, 1968." | ||
| 504 | _aIncludes bibliographical references. | ||
| 610 | 1 | 0 |
_aUnited States. _914304 |
| 700 | 1 |
_aSchwartz, Bernard, _d1923-1997, _eed. _914302 |
|
| 942 |
_2ddc _cBK |
||
| 999 |
_c4521 _d4521 |
||